| 000 | 01397cam a2200229 4500 | ||
|---|---|---|---|
| 001 | 6685 | ||
| 010 | _a2001268265 | ||
| 020 | _a9780192854087 | ||
| 100 | 1 |
_aBarnes, Jonathan, _d1942- |
|
| 245 | 1 | 0 |
_aAristotle : _ba very short introduction / _cJonathan Barnes |
| 264 | 1 |
_aOxford ; _aNew York : _bOxford University Press, _c2000 |
|
| 300 |
_a160 pages : _billustrations, map ; _c18 cm |
||
| 336 |
_atext _btxt _2rdacontent |
||
| 337 |
_aunmediated _bn _2rdamedia |
||
| 338 |
_avolume _bnc _2rdacarrier |
||
| 490 | 1 |
_aVery short introductions ; _v32 |
|
| 504 | _aIncludes bibliographical references (pages 153-156) and index | ||
| 505 | 0 | _aThe man and his work -- A public figure -- Zoological researches -- Collecting facts -- The philosophical background -- The structure of the sciences -- Logic -- Knowledge -- Ideal and achievement -- Reality -- Change -- Causes -- Empiricism -- Aristotle's world-picture -- Psychology -- Evidence and theory -- Teleology -- Practical philosophy -- The arts -- Afterlife -- Chronological table | |
| 520 | _a""Jonathan Barnes examines Aristotle's scientific researches, his discoveries in logic and his metaphysical theories, his work in psychology and in ethics and politics, and his ideas about art and poetry, placing his teachings in their historical context.""--Publisher description | ||
| 600 | 0 | 0 |
_6880-01 _aAristotle |
| 830 | 0 |
_aVery short introductions ; _v32 |
|
| 999 |
_c5634 _d5634 |
||